Statistiques concernant Connais-tu le classement Fifa jusqu'à 20

Cliquez ici pour prendre le quiz!

Statistiques générales

  • Ce quiz a été pris 209 fois
  • Le résultat moyen est 18 sur 20

Statistiques - réponses

PositionPays% Correct
2Argentine
100%
1Brésil
100%
3France
100%
4Belgique
97%
10Espagne
97%
8Italie
97%
9Portugal
96%
5Angleterre
95%
11Maroc
93%
14Allemagne
91%
6Pays-Bas
91%
7Croatie
84%
15Mexique
84%
13États-Unis
81%
20Japon
81%
12Suisse
80%
16Uruguay
80%
18Danemark
75%
17Colombie
75%
19Sénégal
75%

Distribution des résultats

Percentile par nombre de réponses

% des personnes avec chaque résultat

Votre développement - résultats

Vous n’avez pas pris ce quiz